Statistics for Congo... or Congo?

Click here to take the quiz!

General Stats

  • This quiz has been taken 296 times
  • The average score is 9 of 15

Answer Stats

QuestionAnswer% Correct
Formerly known as ZaireD.R. Congo
92%
Brazzaville is its capitalRepublic of the Congo
87%
The Equator runs through itBoth
82%
Borders the African Great LakesD.R. Congo
79%
Lubumbashi is the second biggest cityD.R. Congo
72%
Is the westernmostRepublic of the Congo
72%
Was colonized by FranceRepublic of the Congo
71%
Has a higher average elevationD.R. Congo
67%
Has played at the FIFA World CupD.R. Congo
59%
Borders the Angolan exclave of CabindaBoth
42%
Used to have a Communist governmentRepublic of the Congo
38%
Is heavily dependent on crude oilRepublic of the Congo
38%
Has a majority Protestant populationRepublic of the Congo
38%
Was involved in the Second Congo War (also known as African World War)D.R. Congo
36%
Has longer coastlineD.R. Congo
25%

Score Distribution

Percentile by Number Answered

Percent of People with Each Score

Your Score History

You have not taken this quiz